Cthomecare: Decentralised clinical trials platform (notice n° 1744689)
[ vue normale ]
| 000 -LEADER | |
|---|---|
| fixed length control field | 00820cam a2200157 4500500 |
| 005 - DATE AND TIME OF LATEST TRANSACTION | |
| control field | 20260322005003.0 |
| 041 ## - LANGUAGE CODE | |
| Language code of text/sound track or separate title | fre |
| 042 ## - AUTHENTICATION CODE | |
| Authentication code | dc |
| 100 10 - MAIN ENTRY--PERSONAL NAME | |
| Personal name | Estrabaut, Myriam |
| Relator term | author |
| 245 00 - TITLE STATEMENT | |
| Title | Cthomecare: Decentralised clinical trials platform |
| 260 ## - PUBLICATION, DISTRIBUTION, ETC. | |
| Date of publication, distribution, etc. | 2026.<br/> |
| 500 ## - GENERAL NOTE | |
| General note | 2 |
| 520 ## - SUMMARY, ETC. | |
| Summary, etc. | The article describes the organisation and operation of “CTHomecare”, an academic coordination platform. The purpose of this platform is to organise visits related to a clinical trial at patients’ homes in a secure manner and in accordance with protocol requirements. |
| 786 0# - DATA SOURCE ENTRY | |
| Note | Innovations & Thérapeutiques en Oncologie | Volume 12 | 1 | 2026-02-24 | p. 49-50 | 2431-3203 |
| 856 41 - ELECTRONIC LOCATION AND ACCESS | |
| Uniform Resource Identifier | <a href="https://stm.cairn.info/journal-innovations-therapeutiques-en-oncologie-2026-1-page-49?lang=en&redirect-ssocas=7080">https://stm.cairn.info/journal-innovations-therapeutiques-en-oncologie-2026-1-page-49?lang=en&redirect-ssocas=7080</a> |
Pas d'exemplaire disponible.




Réseaux sociaux